[Event "45th GER-ch Rapid 2019"]
[Site "Neumarkt in der Oberpfalz"]
[Date "2019.09.22"]
[Round "7.1"]
[White "Donchenko, Alexander"]
[Black "Buhmann, Rainer"]
[Result "0-1"]
[WhiteElo "2631"]
[BlackElo "2574"]
[Annotator "RC"]
[PlyCount "164"]
[EventDate "2019.09.21"]
[EventType "swiss"]
[EventCountry "GER"]
[SourceTitle "playchess.com"]
[Source "ChessBase"]
[SourceQuality "1"]
[TimeControl "900+10"]

1. c4 {[%emt 0:00:00]} e5 {[%emt 0:00:03]} 2. g3 {[%emt 0:00:00]} d6 {[%emt 0:00:06]} 3. Bg2 {[%emt 0:00:00]} f5 {[%emt 0:00:05]} 4. Nc3 {[%emt 0:00:09]} Nf6 {[%emt 0:00:07]} 5. d4 {[%emt 0:00:18]} Be7 {[%emt 0:00:06]} 6. Nf3 {[%emt 0:00:20]} e4 {[%emt 0:00:08]} 7. Ng5 {[%emt 0:00:35]} c6 {[%emt 0:00:42]} 8. O-O {[%emt 0:00:28]} h6 {[%emt 0:01:20]} 9. Nh3 {[%emt 0:00:03]} O-O {[%emt 0:01:36]} 10. f3 {[%emt 0:00:26]} d5 {[%emt 0:00:59]} 11. cxd5 {[%emt 0:00:47]} cxd5 {[%emt 0:00:08]} 12. Nf4 {[%emt 0:00:19]} Nc6 {[%emt 0:00:58]} 13. Be3 {[%emt 0:01:13]} Na5 {[%emt 0:02:24]} 14. b3 {[%emt 0:01:13]} Nc6 {[%emt 0:01:39]} 15. Qd2 {[%emt 0:05:20]} Bb4 {[%emt 0:00:58]} 16. a3 {[%emt 0:00:14]} Bxc3 {[%emt 0:00:50]} 17. Qxc3 {[%emt 0:00:02]} Qe8 {[%emt 0:01:29]} 18. b4 {[%emt 0:00:44]} g5 {[%emt 0:00:18]} 19. Nh3 {[%emt 0:00:08]} Be6 {[%emt 0:00:18]} 20. b5 {[%emt 0:01:17]} Ne7 {[%emt 0:00:18]} 21. Qb3 {[%emt 0:00:09]} Qd7 {[%emt 0:00:15]} 22. f4 {[%emt 0:00:36]} g4 {[%emt 0:00:05]} 23. Nf2 {[%emt 0:00:01]} Rfc8 {[%emt 0:00:10]} 24. Rfc1 {[%emt 0:00:10]} Ne8 {[%emt 0:00:25]} 25. Bd2 {[%emt 0:00:27]} Nd6 {[%emt 0:00:13]} 26. a4 {[%emt 0:00:02]} Nc4 {[%emt 0:00:47]} 27. Bb4 {[%emt 0:00:07]} h5 {[%emt 0:00:27]} 28. h4 {[%emt 0:00:31]} a6 {[%emt 0:00:17]} 29. Nd1 {[%emt 0:00:45]} axb5 {[%emt 0:00:21]} 30. Bxe7 {[%emt 0:00:02]} Qxe7 {[%emt 0:00:35]} 31. axb5 {[%emt 0:00:04]} Qd6 {[%emt 0:00:14]} 32. Bf1 {[%emt 0:01:21]} Qb6 {[%emt 0:00:16]} 33. e3 {[%emt 0:00:45]} Rxa1 {[%emt 0:00:25]} 34. Rxa1 {[%emt 0:00:01]} Nd2 {[%emt 0:00:22]} 35. Qb4 {[%emt 0:00:13]} Nf3+ {[%emt 0:00:19]} 36. Kf2 {[%emt 0:00:13]} Qc7 {[%emt 0:00:27]} 37. Be2 {[%emt 0:00:16]} Kf7 {[%emt 0:00:13]} 38. Ra7 {[%emt 0:00:59]} Qb6 {[%emt 0:00:14]} 39. Ra3 {[%emt 0:00:07]} Qc7 {[%emt 0:00:10]} 40. Nc3 {[%emt 0:00:15]} Qe7 {[%emt 0:00:05]} 41. Qb2 {[%emt 0:00:11]} Nxh4 {[%emt 0:00:21]} 42. Ra7 {[%emt 0:00:30]} Nf3 {[%emt 0:00:07]} 43. Qa3 {[%emt 0:00:26]} Qxa3 {[%emt 0:00:14]} 44. Rxa3 {[%emt 0:00:02]} Ke7 {[%emt 0:00:06]} 45. b6 {[%emt 0:00:24]} h4 {[%emt 0:00:21]} 46. gxh4 {[%emt 0:00:01]} Nxh4 {[%emt 0:00:04]} 47. Nb5 {[%emt 0:00:24]} Bd7 {[%emt 0:00:13]} 48. Ra7 {[%emt 0:00:06]} Bc6 {[%emt 0:00:08]} 49. Nc3 {[%emt 0:00:10]} Kd6 {[%emt 0:00:08]} 50. Nb5+ {[%emt 0:00:06]} Kd7 {[%emt 0:00:09]} 51. Nc3 {[%emt 0:00:02]} Nf3 {[%emt 0:00:05]} 52. Bb5 {[%emt 0:00:12]} Bxb5 {[%emt 0:00:17]} 53. Rxb7+ {[%emt 0:00:13]} Kc6 {[%emt 0:00:02]} 54. Rf7 {[%emt 0:00:12]} Kxb6 {[%emt 0:00:24]} 55. Nxd5+ {[%emt 0:00:02]} Ka5 {[%emt 0:00:11]} 56. Rxf5 {[%emt 0:00:08]} Nd2 {[%emt 0:00:20]} 57. Rg5 {[%emt 0:00:23]} Rc2 {[%emt 0:00:09]} 58. Kg3 {[%emt 0:00:06]} Ka4 {[%emt 0:00:09]} 59. f5 {[%emt 0:00:13]} Nf1+ {[%emt 0:00:06]} 60. Kxg4 {[%emt 0:00:06]} Bc6 {[%emt 0:00:04]} 61. Nb6+ {[%emt 0:00:21]} Kb5 {[%emt 0:00:10]} 62. Kf4 {[%emt 0:00:11]} Kxb6 {[%emt 0:00:03]} 63. f6 {[%emt 0:00:02]} Rf2+ {[%emt 0:00:47]} 64. Ke5 Nxe3 {[%emt 0:00:00]} 65. d5 {[%emt 0:00:13]} Nxd5 {[%emt 0:00:00]} 66. Kxe4 {[%emt 0:00:13]} Nxf6+ {[%emt 0:00:00]} 67. Ke3 {[%emt 0:00:00]} Rf3+ {[%emt 0:00:00]} 68. Ke2 {[%emt 0:00:01]} Rb3 {[%emt 0:00:00]} 69. Re5 {[%emt 0:00:01]} Ne4 {[%emt 0:01:00]} 70. Re7 {[%emt 0:00:03]} Kc5 {[%emt 0:00:00]} 71. Ra7 {[%emt 0:00:04]} Kd4 {[%emt 0:00:00]} 72. Kd1 {[%emt 0:00:01]} Rb2 {[%emt 0:00:00]} 73. Kc1 {[%emt 0:00:02]} Rh2 {[%emt 0:00:00]} 74. Ra6 {[%emt 0:00:03]} Bb5 {[%emt 0:00:00]} 75. Ra5 {[%emt 0:00:02]} Bc4 {[%emt 0:00:00]} 76. Ra3 {[%emt 0:00:03]} Nc5 {[%emt 0:00:00]} 77. Rg3 {[%emt 0:00:08]} Nd3+ {[%emt 0:00:00]} 78. Kb1 {[%emt 0:00:01]} Ba2+ {[%emt 0:00:00]} 79. Ka1 {[%emt 0:00:01]} Bb3 {[%emt 0:00:00]} 80. Rg1 {[%emt 0:00:01]} Kc3 {[%emt 0:00:10]} 81. Rf1 {[%emt 0:00:11]} Ra2+ {[%emt 0:00:07]} 82. Kb1 {[%emt 0:00:02]} Ra7 {[%emt 0:00:05]} 0-1

[Event "45th GER-ch Rapid 2019"]
[Site "Neumarkt in der Oberpfalz"]
[Date "2019.09.22"]
[Round "7.2"]
[White "Langheinrich, Ferenc"]
[Black "Heimann, Andreas"]
[Result "1-0"]
[WhiteElo "2382"]
[BlackElo "2624"]
[Annotator "TA"]
[PlyCount "77"]
[EventDate "2019.09.21"]
[EventType "swiss"]
[EventCountry "GER"]
[SourceTitle "playchess.com"]
[Source "ChessBase"]
[SourceQuality "1"]

{[%evp 18,77,22,14,26,0,4,7,15,11,13,14,12,0,7,3,12,-5,0,0,0,0,0,0,8,-11,0,-15,-16,-32,-25,-52,-53,-74,-20,-39,-20,-26,0,0,0,0,0,0,59,53,56,53,53,56,60,49,58,54,108,92,179,181,1198,1150,29972,29966]} 1. e4 e5 2. Nf3 Nc6 3. Bb5 Nf6 4. O-O Nxe4 5. Re1 Nd6 6. Nxe5 Be7 7. Bf1 Nxe5 8. Rxe5 O-O 9. d4 Bf6 10. Re1 Re8 {C67: Ruy Lopez: Berlin Defence: 4 0-0 Nxe4} 11. Rxe8+ (11. c3 Rxe1 12. Qxe1 Ne8 13. d5 c6 14. Qd1 b6 15. Bf4 Bb7 16. dxc6 dxc6 17. Nd2 c5 18. Nc4 Qxd1 19. Rxd1 {½-½ (40) Anand,V (2774)-Caruana,F (2819) Karlsruhe/Baden Baden 2019}) 11... Nxe8 12. c3 d5 {The position is equal.} 13. Bf4 c6 14. Nd2 g6 15. Qb3 Ng7 16. Re1 Qb6 17. Be5 Bxe5 18. Rxe5 {[#]} Be6 $146 19. Re1 Re8 20. Bd3 f6 21. Re3 Kf7 22. h3 Qxb3 23. axb3 a5 24. g4 h5 25. f3 Rc8 (25... f5 $17) 26. Kf2 Bd7 27. Re1 Ne6 28. gxh5 gxh5 {[#] Strongly threatening ...Nf4.} 29. Bf5 Rg8 30. h4 Ke7 (30... Nf8 $11 31. Bxd7 Nxd7) 31. Nf1 $14 Kd6 32. Bxe6 $1 Bxe6 {[%mdl 4096] Endgame KRB-KRN} 33. Ng3 Rh8 34. Ke3 Kd7 35. Kf4 Bf7 ({Black should play} 35... b6 $14) 36. Ra1 $16 b6 {[#]} (36... Ra8 $16 {keeps fighting.}) 37. b4 $1 $18 axb4 $2 (37... Ra8) 38. Ra7+ Ke6 39. Nf5 {Accuracy: White = 68%, Black = 37%.} 1-0

[Event "45th GER-ch Rapid 2019"]
[Site "Neumarkt in der Oberpfalz"]
[Date "2019.09.22"]
[Round "7.4"]
[White "Hartge, Gedeon"]
[Black "Yankelevich, Lev"]
[Result "0-1"]
[WhiteElo "2225"]
[BlackElo "2480"]
[Annotator "TA"]
[PlyCount "92"]
[EventDate "2019.09.21"]
[EventType "swiss"]
[EventCountry "GER"]
[SourceTitle "playchess.com"]
[Source "ChessBase"]
[SourceQuality "1"]

{[%evp 12,92,28,43,28,40,27,0,0,40,74,67,91,72,54,-37,0,0,0,0,13,0,0,0,9,0,6,-43,-43,-40,-73,-172,-133,-274,-125,-122,-3,-58,-9,-40,-33,-30,-8,-26,-20,-32,-20,-16,-21,-66,-35,-96,-61,-166,-149,-170,-15,-149,-152,-282,-247,-357,-344,-312,-74,-762,-776,-758,-718,-826,-660,-655,-205,-653,-604,-29973,-29974,-29965,-29951,-6411,-5510,-29968,-29970]} 1. d4 Nf6 2. c4 g6 3. f3 Bg7 4. e4 d6 5. Nc3 O-O 6. Nge2 a6 7. Be3 Nbd7 {E81: King's Indian: Sämisch: 6th move deviations (including 6 Be3 c6)} 8. Qd2 b5 9. g4 (9. cxb5 axb5 10. Nxb5 c6 11. Nbc3 e5 12. Rd1 Re8 13. Ng3 d5 14. Be2 h5 15. O-O {½-½ (50) Ding,L (2805)-Grischuk,A (2775) Stavanger 2019}) 9... Nb6 {The position is equal.} 10. Ng3 ({Of course not} 10. cxb5 Nc4 $17) 10... c6 11. h4 Bxg4 $146 ({Predecessor:} 11... Nxc4 12. Bxc4 bxc4 13. h5 Rb8 14. O-O-O Qa5 15. g5 Nxh5 16. Nxh5 gxh5 17. Rxh5 {0-1 (61) Kreyssig,R (1935)-Mons,L (2299) playchess.com INT 2012}) 12. fxg4 Nxg4 13. c5 (13. h5 $14) 13... Nxe3 14. Qxe3 dxc5 15. dxc5 Bd4 16. Qg5 Bf6 17. Qe3 Bd4 $132 {[%mdl 2048] Black puts up resistance} 18. Qg5 f6 19. Qh6 {Threatens to win with 0-0-0.} Bxc5 20. Rd1 Qc7 {[%mdl 1024] Black has compensation.} 21. Rd3 (21. Rh3 $17 {might work better.}) 21... Rad8 {Strongly threatening ...Rxd3.} 22. Rf3 (22. Rh3 $17 {was the only defense.} Rxd3 23. Bxd3) 22... b4 (22... Nd7 $1 $19 {[%cal Rd7e5] aiming for ...Ne5.} 23. Rh3 Ne5) 23. Nd1 ({But not} 23. h5 $2 g5 $19) 23... Qe5 (23... e6 $17 {...Nd7 is the strong threat.} 24. Qf4 Qe7) 24. Be2 (24. Rh2 $11) 24... e6 25. Qf4 Qxf4 26. Rxf4 Bd4 27. Rf3 a5 28. Nf1 Na4 29. b3 Nc5 30. Nd2 Kg7 31. Bc4 ({Better is} 31. Rh2 $15) 31... Rd6 32. Rh2 (32. Ke2 $15) 32... Rfd8 33. Rg2 a4 $2 ({Black should try} 33... Be5 $19 34. Re3 h5) 34. Re2 {[#]} (34. bxa4 $11 {remains equal.} Nxa4 35. Bb3) 34... a3 $1 $17 35. Rg2 (35. Nb1 $17 {is a better defense.}) 35... Bb2 $19 36. Re2 (36. h5 $142) 36... Bc1 37. Rff2 Nd7 $2 (37... Nd3+ $19 {has better winning chances.} 38. Bxd3 Rxd3) 38. Nf3 $2 {[%mdl 8192]} (38. Ne3 $17) 38... Ne5 {[%csl Gd8][%cal Rd6d1]} 39. Ne3 Nxc4 40. bxc4 Bxe3 41. Rxe3 {[#]} Rd1+ $1 42. Ke2 Ra1 43. Ne1 Rxa2+ 44. Kf3 Rxf2+ 45. Kxf2 a2 46. Nc2 Rd2+ {[%mdl 64] Double Attack. Accuracy: White = 22%, Black = 43%.} 0-1

[Event "45th GER-ch Rapid 2019"]
[Site "Neumarkt in der Oberpfalz"]
[Date "2019.09.22"]
[Round "8.1"]
[White "Buhmann, Rainer"]
[Black "Langheinrich, Ferenc"]
[Result "1-0"]
[WhiteElo "2574"]
[BlackElo "2382"]
[Annotator "ChessBase"]
[PlyCount "80"]
[EventDate "2019.09.21"]
[EventType "swiss"]
[EventCountry "GER"]
[SourceTitle "playchess.com"]
[Source "ChessBase"]
[SourceQuality "1"]
[TimeControl "900+10"]

1. d4 {[%emt 0:00:00]} Nf6 {[%emt 0:00:00]} 2. c4 {[%emt 0:00:04]} e6 {[%emt 0:00:23]} 3. Nf3 {[%emt 0:00:08]} d5 {[%emt 0:00:10]} 4. Nc3 {[%emt 0:00:04]} Bb4 {[%emt 0:00:05]} 5. e3 {[%emt 0:00:05]} O-O {[%emt 0:00:14]} 6. Bd2 {[%emt 0:00:02]} dxc4 {[%emt 0:01:33]} 7. Bxc4 {[%emt 0:00:04]} c5 {[%emt 0:00:04]} 8. O-O {[%emt 0:01:23]} b6 {[%emt 0:03:02]} 9. a3 {[%emt 0:00:27]} Bxc3 {[%emt 0:00:56]} 10. Bxc3 {[%emt 0:00:03]} Nbd7 {[%emt 0:00:29]} 11. Rc1 {[%emt 0:02:34]} Bb7 {[%emt 0:00:04]} 12. dxc5 {[%emt 0:01:08]} Nxc5 {[%emt 0:01:26]} 13. b4 {[%emt 0:00:48]} Nce4 {[%emt 0:00:59]} 14. Bd4 {[%emt 0:00:40]} Qe7 {[%emt 0:00:25]} 15. Qe2 {[%emt 0:00:22]} a5 {[%emt 0:01:27]} 16. Qb2 {[%emt 0:02:20]} axb4 {[%emt 0:01:05]} 17. axb4 {[%emt 0:00:42]} Ra4 {[%emt 0:01:09]} 18. b5 {[%emt 0:01:03]} Nc5 {[%emt 0:00:15]} 19. Ne5 {[%emt 0:01:17]} Nfd7 {[%emt 0:01:46]} 20. Nc6 {[%emt 0:00:42]} Qh4 {[%emt 0:00:34]} 21. Bxg7 {[%emt 0:01:32]} Rfa8 {[%emt 0:00:46]} 22. g3 {[%emt 0:01:11]} Qg5 {[%emt 0:00:10]} 23. Bd4 {[%emt 0:00:08]} h5 {[%emt 0:00:48]} 24. f4 {[%emt 0:00:26]} Qg4 {[%emt 0:00:12]} 25. Be2 {[%emt 0:00:52]} Qh3 {[%emt 0:00:10]} 26. Ra1 {[%emt 0:00:15]} h4 {[%emt 0:00:26]} 27. gxh4 {[%emt 0:00:25]} Kh7 {[%emt 0:00:08]} 28. Bf3 {[%emt 0:00:33]} Rg8+ {[%emt 0:00:08]} 29. Kh1 {[%emt 0:00:09]} Rxa1 {[%emt 0:00:36]} 30. Qxa1 {[%emt 0:00:00]} f5 {[%emt 0:00:04]} 31. Qd1 {[%emt 0:00:21]} Kh6 {[%emt 0:00:09]} 32. Qe2 {[%emt 0:00:14]} Qxh4 {[%emt 0:00:08]} 33. Rg1 {[%emt 0:00:04]} Rxg1+ {[%emt 0:00:02]} 34. Kxg1 {[%emt 0:00:00]} Ne4 {[%emt 0:00:22]} 35. Bg2 {[%emt 0:00:25]} Ndc5 {[%emt 0:00:09]} 36. Qf3 {[%emt 0:00:07]} Qe1+ {[%emt 0:00:08]} 37. Qf1 {[%emt 0:00:02]} Qh4 {[%emt 0:00:02]} 38. Qe2 {[%emt 0:00:13]} Ba8 {[%emt 0:00:22]} 39. Bf1 {[%emt 0:00:12]} Nd3 {[%emt 0:00:18]} 40. Qg2 {[%emt 0:00:09]} e5 {[%emt 0:00:26]} 1-0

[Event "45th GER-ch Rapid 2019"]
[Site "Neumarkt in der Oberpfalz"]
[Date "2019.09.22"]
[Round "8.2"]
[White "Donchenko, Alexander"]
[Black "Muranyi, Karl-Jasmin"]
[Result "1-0"]
[WhiteElo "2631"]
[BlackElo "2331"]
[Annotator "TA"]
[PlyCount "75"]
[EventDate "2019.09.21"]
[EventType "swiss"]
[EventCountry "GER"]
[SourceTitle "playchess.com"]
[Source "ChessBase"]
[SourceQuality "1"]

{[%evp 13,75,66,75,69,72,63,60,61,56,33,39,33,37,33,37,41,48,42,45,16,35,12,41,8,12,0,-8,8,27,0,5,-18,-6,-19,0,0,0,0,0,0,0,0,0,0,0,-33,-22,-24,9,15,16,-3,6,7,7,7,20,8,322,309,568,540,572,563]} 1. d4 Nf6 2. c4 c5 3. d5 e5 4. Nc3 d6 5. e4 Be7 6. Bd3 O-O 7. Nf3 Nbd7 8. O-O {A56: Czech Benoni} (8. h3 Ne8 9. a3 g6 10. Bh6 Ng7 11. g4 Nf6 12. Ne2 Bd7 13. b4 b6 14. Ng3 Kh8 15. Be3 Qc7 16. Rb1 Rab8 {½-½ (66) Batchuluun,T (2499)-Rozum,I (2581) Vladivostok 2016}) 8... Re8 9. a3 Nf8 10. b4 {White is slightly better.} b6 11. bxc5 $146 ({Predecessor:} 11. h3 Bd7 12. Be3 {1-0 (30) Lonnee,G (1768)-Pirttimaki,M (1713) ICCF email 2015}) 11... bxc5 12. Rb1 Ng6 13. Bc2 Rf8 14. Ba4 {And now Bc6 would win.} a6 15. Bc6 Ra7 16. Qa4 Qc7 17. Bd2 Bd8 18. Qb3 (18. Rb2 {seems wilder.} Nf4 19. Rfb1 Qe7 20. Qd1 N6h5 21. Ba4) 18... Nh5 19. Qb8 Qxb8 20. Rxb8 Bc7 21. Rb3 h6 22. g3 f5 23. Ne1 fxe4 24. Nxe4 Ne7 25. Nc2 Bf5 26. f3 Bxe4 27. fxe4 Rxf1+ 28. Kxf1 Nf6 29. Re3 Nxc6 30. dxc6 Ra8 31. Rb3 Nxe4 32. Be1 Ng5 33. Rb7 Ne6 34. Ne3 {Black must now prevent Nd5.} Rc8 35. Nd5 {Strongly threatening Ne7+.} Bd8 $2 {[%mdl 8192] [#]} (35... Kf8 $1 $11 {and Black has nothing to worry.}) 36. Ba5 $1 $18 {[%mdl 512]} Bg5 $2 (36... Kh7) (36... Bxa5 37. Ne7+) 37. c7 {Rb8 is the strong threat.} Rf8+ 38. Kg2 {Accuracy: White = 47%, Black = 48%.} 1-0

[Event "45th GER-ch Rapid 2019"]
[Site "Neumarkt in der Oberpfalz"]
[Date "2019.09.22"]
[Round "8.3"]
[White "Fischer, Edwin"]
[Black "Beesk, Kevin"]
[Result "0-1"]
[WhiteElo "2141"]
[BlackElo "1969"]
[Annotator "NA"]
[PlyCount "128"]
[EventDate "2019.09.21"]
[EventType "swiss"]
[EventCountry "GER"]
[SourceTitle "playchess.com"]
[Source "ChessBase"]
[SourceQuality "1"]
[TimeControl "900+10"]

1. d4 {[%emt 0:00:00]} Nf6 {[%emt 0:00:00]} 2. Nf3 {[%emt 0:00:00]} c5 {[%emt 0:00:01]} 3. c3 {[%emt 0:00:34]} b6 {[%emt 0:00:13]} 4. Bg5 {[%emt 0:00:24]} cxd4 {[%emt 0:01:11]} 5. Bxf6 {[%emt 0:00:22]} gxf6 {[%emt 0:00:03]} 6. cxd4 {[%emt 0:00:02]} Bb7 {[%emt 0:00:02]} 7. e3 {[%emt 0:00:14]} e6 {[%emt 0:01:05]} 8. Nc3 {[%emt 0:01:00]} f5 {[%emt 0:01:19]} 9. g3 {[%emt 0:00:37]} Bg7 {[%emt 0:02:14]} 10. Bg2 {[%emt 0:00:18]} O-O {[%emt 0:00:22]} 11. O-O {[%emt 0:00:05]} Bxf3 {[%emt 0:02:19]} 12. Bxf3 {[%emt 0:00:52]} d5 {[%emt 0:00:02]} 13. Rc1 {[%emt 0:00:18]} Nd7 {[%emt 0:00:16]} 14. Be2 {[%emt 0:01:43]} a6 {[%emt 0:01:33]} 15. a4 {[%emt 0:02:15]} Qg5 {[%emt 0:01:38]} 16. Bd3 {[%emt 0:00:31]} Nf6 {[%emt 0:00:41]} 17. Qe2 {[%emt 0:00:50]} a5 {[%emt 0:00:01]} 18. f4 {[%emt 0:00:52]} Qg6 {[%emt 0:00:23]} 19. Nb5 {[%emt 0:00:35]} h5 {[%emt 0:00:01]} 20. Rc6 {[%emt 0:00:48]} Rab8 {[%emt 0:00:12]} 21. Rfc1 {[%emt 0:00:27]} Kh8 {[%emt 0:00:02]} 22. Kh1 {[%emt 0:00:36]} Rg8 {[%emt 0:00:04]} 23. Rc7 {[%emt 0:00:23]} Bf8 {[%emt 0:01:05]} 24. Na7 {[%emt 0:01:03]} Bb4 {[%emt 0:01:42]} 25. Nc6 {[%emt 0:00:21]} Rbf8 {[%emt 0:00:40]} 26. Ne5 {[%emt 0:00:15]} Qh7 {[%emt 0:00:17]} 27. R1c6 {[%emt 0:00:27]} Rg7 {[%emt 0:00:01]} 28. Nf3 {[%emt 0:01:27]} Rfg8 {[%emt 0:00:28]} 29. Nh4 {[%emt 0:00:55]} Ne8 {[%emt 0:00:56]} 30. Rd7 {[%emt 0:00:45]} Nf6 {[%emt 0:00:11]} 31. Rb7 {[%emt 0:00:02]} Ne4 {[%emt 0:00:07]} 32. Bxe4 {[%emt 0:00:10]} fxe4 {[%emt 0:00:10]} 33. Rcxb6 {[%emt 0:00:12]} Rc8 {[%emt 0:00:23]} 34. Rb8 {[%emt 0:00:28]} Rgg8 {[%emt 0:00:00]} 35. Rxc8 {[%emt 0:00:06]} Rxc8 {[%emt 0:00:01]} 36. Kg2 {[%emt 0:00:24]} Rc1 {[%emt 0:00:23]} 37. Rb8+ {[%emt 0:00:49]} Kg7 38. Qb5 {[%emt 0:00:00]} Rc2+ {[%emt 0:00:10]} 39. Kh3 {[%emt 0:00:00]} Be7 {[%emt 0:00:29]} 40. Qe8 {[%emt 0:00:04]} Bxh4 {[%emt 0:00:03]} 41. Qf8+ {[%emt 0:00:13]} Kg6 {[%emt 0:00:21]} 42. gxh4 {[%emt 0:00:11]} Re2 {[%emt 0:00:21]} 43. Qe7 {[%emt 0:00:19]} Rxe3+ {[%emt 0:00:02]} 44. Kg2 {[%emt 0:00:01]} Qg7 {[%emt 0:00:20]} 45. Qg5+ {[%emt 0:00:32]} Kh7 {[%emt 0:00:38]} 46. Rb5 {[%emt 0:00:00]} Qxg5+ {[%emt 0:00:00]} 47. fxg5 {[%emt 0:00:00]} Rd3 {[%emt 0:00:00]} 48. Rxa5 {[%emt 0:00:02]} Rxd4 {[%emt 0:00:00]} 49. Ra7 {[%emt 0:00:15]} Kg6 {[%emt 0:00:00]} 50. Kg3 {[%emt 0:00:08]} e3 {[%emt 0:00:18]} 51. Kf3 {[%emt 0:00:03]} Rxh4 {[%emt 0:00:01]} 52. Kxe3 {[%emt 0:00:04]} e5 {[%emt 0:00:05]} 53. Kf3 {[%emt 0:00:24]} Rxh2 {[%emt 0:00:11]} 54. b4 {[%emt 0:00:05]} Rh3+ {[%emt 0:00:11]} 55. Kg2 {[%emt 0:00:19]} Rb3 {[%emt 0:00:01]} 56. Rb7 {[%emt 0:00:16]} d4 {[%emt 0:00:02]} 57. a5 {[%emt 0:00:04]} d3 {[%emt 0:00:08]} 58. Kf2 {[%emt 0:00:02]} e4 {[%emt 0:00:30]} 59. Ke3 {[%emt 0:00:21]} h4 {[%emt 0:00:12]} 60. a6 {[%emt 0:00:01]} Ra3 {[%emt 0:00:05]} 61. Kxe4 {[%emt 0:00:19]} h3 {[%emt 0:00:11]} 62. Kf4 {[%emt 0:00:14]} d2 {[%emt 0:00:15]} 63. Rb6+ {[%emt 0:00:09]} Kg7 {[%emt 0:00:03]} 64. Rd6 {[%emt 0:00:12]} h2 {[%emt 0:00:02]} 0-1

[Event "45th GER-ch Rapid 2019"]
[Site "Neumarkt in der Oberpfalz"]
[Date "2019.09.22"]
[Round "8.4"]
[White "Schilay, Lorenz"]
[Black "Herrmann, Michael"]
[Result "0-1"]
[WhiteElo "1871"]
[BlackElo "2242"]
[Annotator "NA"]
[PlyCount "74"]
[EventDate "2019.09.21"]
[EventType "swiss"]
[EventCountry "GER"]
[SourceTitle "playchess.com"]
[Source "ChessBase"]
[SourceQuality "1"]
[TimeControl "900+10"]

1. e4 {[%emt 0:00:00]} c6 {[%emt 0:00:15]} 2. Nf3 {[%emt 0:00:00]} d5 {[%emt 0:00:05]} 3. exd5 {[%emt 0:00:00]} cxd5 {[%emt 0:00:05]} 4. Ne5 {[%emt 0:00:00]} Nc6 {[%emt 0:00:12]} 5. d4 {[%emt 0:00:01]} e6 {[%emt 0:00:36]} 6. Bb5 {[%emt 0:00:09]} Bd7 {[%emt 0:00:11]} 7. Nxd7 {[%emt 0:00:05]} Qxd7 {[%emt 0:00:11]} 8. c3 {[%emt 0:00:04]} a6 {[%emt 0:00:45]} 9. Bd3 {[%emt 0:00:02]} Nf6 {[%emt 0:00:15]} 10. Nd2 {[%emt 0:00:22]} Bd6 {[%emt 0:00:29]} 11. Qe2 {[%emt 0:00:45]} O-O {[%emt 0:00:53]} 12. O-O {[%emt 0:01:09]} e5 {[%emt 0:01:45]} 13. dxe5 $11 {[%emt 0:00:08]} Nxe5 {[%emt 0:00:12]} 14. Nf3 {[%emt 0:00:21]} Rfe8 {[%emt 0:00:55]} 15. Nxe5 {[%emt 0:00:09]} Rxe5 {[%emt 0:00:54]} 16. Qc2 {[%emt 0:01:03]} Rae8 {[%emt 0:00:28]} 17. Be3 {[%emt 0:00:10]} Ne4 {[%emt 0:02:37]} 18. g3 {[%emt 0:03:12]} Qh3 {[%emt 0:00:41]} 19. Be2 {[%emt 0:00:49]} Nxg3 {[%emt 0:02:17]} 20. hxg3 {[%emt 0:00:49]} Rxe3 {[%emt 0:00:09]} 21. Bg4 {[%emt 0:00:28]} Rxg3+ {[%emt 0:02:02]} 22. fxg3 {[%emt 0:00:08]} Bc5+ {[%emt 0:00:08]} 23. Rf2 {[%emt 0:00:29]} Qxg3+ {[%emt 0:00:11]} 24. Kf1 {[%emt 0:00:03]} Bxf2 {[%emt 0:00:14]} 25. Qxf2 {[%emt 0:00:14]} Qxg4 {[%emt 0:00:09]} 26. Re1 {[%emt 0:00:34]} Re4 {[%emt 0:00:30]} 27. Rxe4 {[%emt 0:00:12]} dxe4 {[%emt 0:00:34]} 28. Qa7 {[%emt 0:00:14]} Qf3+ {[%emt 0:00:23]} 29. Ke1 {[%emt 0:00:04]} h5 {[%emt 0:00:15]} 30. Qxb7 {[%emt 0:00:18]} h4 {[%emt 0:00:13]} 31. c4 {[%emt 0:08:08]} h3 {[%emt 0:00:19]} 32. c5 {[%emt 0:00:00]} Qg3+ {[%emt 0:00:29]} 33. Ke2 {[%emt 0:00:00]} Qg2+ {[%emt 0:00:09]} 34. Ke3 {[%emt 0:00:00]} Qg3+ {[%emt 0:00:44]} 35. Kd4 {[%emt 0:00:00]} h2 {[%emt 0:00:21]} 36. Qc8+ {[%emt 0:00:00]} Kh7 {[%emt 0:00:02]} 37. Qf5+ {[%emt 0:00:00]} Kh6 {[%emt 0:00:01]} 0-1

[Event "45th GER-ch Rapid 2019"]
[Site "Neumarkt in der Oberpfalz"]
[Date "2019.09.22"]
[Round "9.2"]
[White "Jugelt, Tobias"]
[Black "Donchenko, Alexander"]
[Result "1/2-1/2"]
[WhiteElo "2392"]
[BlackElo "2631"]
[Annotator "TA"]
[PlyCount "17"]
[EventDate "2019.09.21"]
[EventType "swiss"]
[EventCountry "GER"]
[SourceTitle "playchess.com"]
[Source "ChessBase"]
[SourceQuality "1"]

{[%evp 14,17,12,2,25,-104]} 1. d4 Nf6 2. Bf4 g6 3. e3 Bg7 4. h3 O-O 5. Nf3 d6 6. Be2 c5 7. c3 Qb6 8. Qb3 Qc7 {A48: 1 d4 Nf6 2 Nf3 g6: Torre, London and Colle Systems} (8... Be6 9. Qxb6 axb6 10. a3 Bd5 11. O-O Bc6 12. Nbd2 Nbd7 13. Rfe1 Rfd8 14. Bh2 b5 15. Bf1 e5 16. e4 exd4 17. cxd4 d5 18. e5 {0-1 (54) Morozevich,A (2722)-Grischuk,A (2777) Loo 2014}) 9. Bf1 $146 (9. O-O $11) ({Predecessor:} 9. O-O Be6 10. Qd1 Qb6 11. Qc1 Nc6 12. Nbd2 Rac8 13. Bg5 cxd4 14. exd4 h6 15. Bxf6 Bxf6 16. Ne4 {½-½ (46) Cori Tello,J (2549)-Leon Hoyos,M (2517) Tromsoe 2014}) 1/2-1/2